Súčasný stav a trendy vývoja e-commerce v krajinách V4 diplomová práca

Salvato in:
Dettagli Bibliografici
Autore principale: Ondrija, Matúš
Ente Autore: Obchodná fakulta EU. Katedra marketingu
Altri autori: Matušovičová, Monika, 1967-
Natura: Libro
Lingua:slovacco
Pubblicazione: Bratislava 2024
Tags: Aggiungi Tag
Nessun Tag, puoi essere il primo ad aggiungerne!!

MARC

LEADER 00000nbm a2200000 4500
001 0302144
005 20250704105033.4
041 0 |a slo 
044 |a SK 
245 1 0 |a Súčasný stav a trendy vývoja e-commerce v krajinách V4  |b diplomová práca  |c Matúš Ondrija ; školiteľ: Monika Matušovičová 
264 1 |a Bratislava  |c 2024 
300 |a 76 s. 
100 1 |a Ondrija, Matúš 
700 1 |a Matušovičová, Monika, 1967- 
710 2 |a Obchodná fakulta EU. Katedra marketingu